Estadísticas para Comida típica de Argentina

Haz click aquí para intentar la prueba.

Estadísticas generales

  • Esta prueba ha sido intentada 165 veces
  • La puntuación promedio es 11 de 16

Estadísticas de respuestas

Respuesta% Correcto
Asado
96%
Empanadas
96%
Milanesa
91%
Locro
82%
Polenta
82%
Chipas
80%
Guiso de Lentejas
77%
Provoleta
67%
Sándwich de Miga
67%
Tomates Rellenos
61%
Humita
59%
Matambre Relleno
58%
Choripan
53%
Tamal
43%
Revuelto de Gramajo
36%
Sándwich de Lomo
23%

Distribución de puntuación

Porcentaje por número respondido

Porcentaje de gente con cada puntuación

Historial de tus puntuaciones

No has intentado esta prueba.